| 000 | 01659nam a22002777a 4500 | ||
|---|---|---|---|
| 003 | PE SENCICO BE | ||
| 005 | 20260417175740.0 | ||
| 008 | 260417b |||||||| |||| 00| 0 eng d | ||
| 017 | _233.190-1991 | ||
| 020 | _a84-329-7516-8 | ||
| 040 |
_aPE SENCICO BE _cPE SENCICO BE |
||
| 041 | _aspa | ||
| 082 |
_a694 _bJ67 _c1991 |
||
| 100 | 1 |
_aJohnston, David _9640 _eautor |
|
| 245 | 1 |
_aLa madera : _bclases y características / _cDavid Johnston |
|
| 250 | _a2a ed. | ||
| 260 |
_aBarcelona : _bEdiciones CEAC ; _c1991 |
||
| 300 |
_a160 paginas : _bgráficos ; _c24 cm. |
||
| 505 | 0 | _aEstructura y propiedades – Defectos – Secado y almacenamiento – Colas – Lijado y acabado – Preservantes – Fuentes de madera – Maderas duras – Maderas blandas – Tableros y chapas – Artesanías e industrias – Producto comercial | |
| 520 | 3 | _aEl carpintero y el ebanista tienen a su disposición un extraordinario número de clases de madera distintas, cada una de ellas más adecuada que otra para la realización de determinado trabajo. El libro hace conocer cuáles son esas clases de madera y las características que poseen, para saber elegir el material más apropiado para una necesidad concreta. Este texto explica cuál es la estructura y cuáles son las propiedades de la madera, los defectos que puede tener y las causas que pueden motivarlos, la técnica del secado y del almacenamiento, las colas más adecuadas para cada unión, el lijado, el acabado y los distintos preservantes | |
| 650 | 1 | 0 |
_aCarpintería _9428 |
| 650 | 2 | 0 |
_aConstrucciones de madera _9340 |
| 650 | 2 | 0 |
_aMadera _9310 |
| 910 | _ahfp | ||
| 942 |
_2ddc _cLIB |
||
| 999 |
_c9880 _d9880 |
||